000 00585nam a2200181 i 4500
001 141910
003 ES-MaACL
005 20250628014708.0
007 t|
008 071001s1924 xxu ||||1| eng d
100 1 _aWilliams, Edwin Bucher.
_9116920
245 1 4 _aThe life dramatic works of Gertrudis Gómez de Avellaneda /
_cEdwin Bucher Williams.
260 _aPhiladelphia :
_bWestbrook Publishing Co.,
_c1924.
300 _a116 p. ;
_c23 cm.
600 1 4 _aGómez de Avellaneda, Gertrudis,
_d1814-1873
_957886
852 _aES-MaACL
_jF-6849
999 _c141910
_d141910